[Event "WMSG Rapid Team 1st (Women)"]
[Site "Beijing"]
[Date "2008.10.15"]
[Round "6"]
[White "Vahtra, Tuuli"]
[Black "Klimets, Elena"]
[Result "0-1"]
[WhiteElo "1961"]
[BlackElo "2129"]
[PlyCount "52"]
[EventDate "2008.10.14"]
[EventType "team (rapid)"]
[EventRounds "9"]
[EventCountry "CHN"]
[SourceTitle "CBM 126 Extra"]
[Source "ChessBase"]
[SourceDate "2008.11.05"]
[SourceVersion "1"]
[SourceVersionDate "2008.11.05"]
[SourceQuality "1"]

1. d4 d6 2. e4 Nf6 3. Nc3 g6 4. Bd3 Bg7 5. f4 0-0 6. Nf3 Na6 7. Bxa6 bxa6 8. 0-0 Bb7 9. Qe2 Qc8 10. e5 Nd5 11. Nxd5 Bxd5 12. c4 Bxf3 13. Rxf3 c5 14. d5 Qf5 15. Be3 Qe4 16. Re1 Rab8 17. Bf2 Qxe2 18. Rxe2 Rb7 19. b3 a5 20. Be1 a4 21. bxa4 Rfb8 22. Bc3 Rb1+ 23. Kf2 Rc1 24. Rfe3 h5 25. h3 h4 26. Bb2 Rxc4 0-1